Catalogue of the Handstruck Postage Stamps of India (Record no. 1441)

000 -LEADER
fixed length control field 00346nam a22001337a 4500
003 - CONTROL NUMBER IDENTIFIER
control field OSt
008 - FIXED-LENGTH DATA ELEMENTS--GENERAL INFORMATION
fixed length control field 110524b xxu||||| |||| 00| 0 eng d
020 ## - INTERNATIONAL STANDARD BOOK NUMBER
International Standard Book Number 9780853974307
041 ## - LANGUAGE CODE
Language code of text/sound track or separate title eng
100 1# - MAIN ENTRY--PERSONAL NAME
Personal name Giles, D.Hammond
245 10 - TITLE STATEMENT
Title Catalogue of the Handstruck Postage Stamps of India
260 ## - PUBLICATION, DISTRIBUTION, ETC. (IMPRINT)
Place of publication, distribution, etc. London
Name of publisher, distributor, etc. Christie's-Robson Lowe
300 ## - PHYSICAL DESCRIPTION
Extent 224 pages

No items available.

Powered by Koha